000 00375nam a22001577a 4500
003 OSt
005 20240420152317.0
008 240420b |||||||| |||| 00| 0 eng d
020 _a9788194808084
040 _cIIMT UNIVERSITY
100 _aAGARWAL H O
245 _aInternational Law & Human Rights
260 _aPRAYAG RAJ
_bCLA
_c2021
300 _a1011
942 _2ddc
_c01
999 _c58735
_d58735